Countries With the Letter Y in Their Name - Statistics

General Stats
  • This quiz has been taken 54 times
    8 since last reset
  • The average score is 12 of 20
Answer Stats
Continent Answer % Correct
Europe Italy
86%
Asia Malaysia
86%
South America Uruguay
86%
Europe Germany
71%
Asia Kyrgyzstan
71%
Europe Norway
71%
South America Paraguay
71%
Asia Turkey
71%
Asia Yemen
71%
Europe Cyprus
57%
Africa Egypt
57%
Europe Hungary
57%
Europe Libya
57%
Asia Myanmar
57%
Europe Vatican City
57%
South America Guyana
43%
Oceania Seychelles
43%
Asia Syria
43%
Africa Ivory Coast
29%
Africa Kenya
29%
No matching quizzes found
Score Distribution
Percent of People with Each Score
Percentile by Number Answered
Your Score History
You have not taken this quiz since the last reset